Formule 1 - Quiz pilote : Pierre Gasly - Statistiques

Statistiques générales
  • Ce quiz a été pris 285 fois
    284 depuis la dernière actualisation
  • Le résultat moyen est 17 sur 22
Statistiques - réponses
Hint Réponse % Correct
Victoire Nombre de victoire totale 1
100%
Championnat du monde Nombres de titre pilote 0
98%
Championnat du monde Nombres de titre constructeur 0
98%
Écuries pour lesquelles il a conduit Depuis 2023 Alpine
97%
Informations de base Arrivée en Formule 1 (année) 2017
95%
Coéquipiers 2023 - 2024 Esteban Ocon
95%
Autres Quel autre pilote français de formule 1 l'a introduit au karting ? Esteban Ocon
95%
Informations de base Nationalité (sportive) France
95%
Écuries pour lesquelles il a conduit 2020-2022 Alpha Tauri
92%
Écuries pour lesquelles il a conduit 2017-2018 & 2019 Toro Rosso
91%
Écuries pour lesquelles il a conduit 2019 Red Bull
90%
Informations de base Numéro de pilote 10
88%
Coéquipiers 2021 - 2022 Yuki Tsunoda
88%
Coéquipiers 2019 Max Verstappen
86%
Coéquipiers Depuis 2025 Jack Doohan
83%
Autres Quel sport a-t-il abandonné pour le sport auto Le football
76%
Victoire 1ère victoire Grand Prix de Monza 2020
62%
Coéquipiers 2019 - 2020 Daniil Kvyat
54%
Coéquipiers 2017 Carlos Sainz
48%
Informations de base Nom complet Pierre Jean-Jacques Gasly
29%
Informations de base Date de naissance 7 février 1996
24%
Coéquipiers 2017 - 2018 Brendon Hartley
24%
Aucun quiz correspondant
Distribution des résultats
% des personnes avec chaque résultat
Percentile par nombre de réponses
Votre historique - résultats
Vous n’avez pas pris ce quiz depuis la dernière actualisation